<?xml version="1.0" encoding="UTF-8"?>
<marc:record xmlns:marc="http://www.loc.gov/MARC21/slim">
   <marc:leader>00000nam a2200000 a 4500</marc:leader>
   <marc:datafield ind1="1" ind2=" " tag="100">
      <marc:subfield code="a">Götz, Elisa</marc:subfield>
   </marc:datafield>
   <marc:datafield ind1="1" ind2=" " tag="100">
      <marc:subfield code="a">Keller, Jochen</marc:subfield>
   </marc:datafield>
   <marc:datafield ind1=" " ind2=" " tag="653">
      <marc:subfield code="a">Orchester</marc:subfield>
   </marc:datafield>
   <marc:datafield ind1=" " ind2=" " tag="653">
      <marc:subfield code="a">Einführung</marc:subfield>
   </marc:datafield>
   <marc:datafield ind1=" " ind2=" " tag="653">
      <marc:subfield code="a">Kind</marc:subfield>
   </marc:datafield>
   <marc:datafield ind1="0" ind2="0" tag="245">
      <marc:subfield code="a">Orchesterexpedition</marc:subfield>
   </marc:datafield>
   <marc:datafield ind1="0" ind2="0" tag="245">
      <marc:subfield code="b">... hörne, spielen und entdecken!</marc:subfield>
   </marc:datafield>
   <marc:datafield ind1="0" ind2="0" tag="245">
      <marc:subfield code="c">Deutsche Staatsphilharmonie Rheinland-Pfalz ; Texte: Elisa Götz ... Projektleitung, Konzept, Sprecher: Jochen Keller ;  Konzept, Gestaltung: Uwe Stanzl. Kamera: Lars Lauer</marc:subfield>
   </marc:datafield>
   <marc:datafield ind1=" " ind2="1" tag="264">
      <marc:subfield code="a">Ludwigshafen</marc:subfield>
      <marc:subfield code="b">Deutsche Staatsphilharmonie Rheinland-Pfalz</marc:subfield>
      <marc:subfield code="c">2009</marc:subfield>
   </marc:datafield>
   <marc:datafield ind1="1" ind2=" " tag="520">
      <marc:subfield code="a">Systemvoraussetzungen:DVD 1 ist eine Multimedia-Anwendung, die auf allen gängingen Betriebssystemen abspielbar ist. Prozessor: Pentium 4 mit 2,8 GHz oder höher. RAM: 1 GB oder höher. 1024x768 Bildschirmauflösung oder höher. DVD-ROM-Laufwerk. Soundkarte und Lautsprecher. Bei der DVD 2 handelt es sich um eine DVD-Video, die auf allen handelsüblichen Rechnern mit DVD-Laufwerk und Media-Player oder Fernsehgeräten mit angeschlossenem DVD-Player abspielbar ist.</marc:subfield>
   </marc:datafield>
   <marc:datafield ind1="0" ind2=" " tag="490">
      <marc:subfield code="v">0</marc:subfield>
   </marc:datafield>
   <marc:datafield ind1=" " ind2=" " tag="542">
      <marc:subfield code="d">Deutsche Staatsphilharmonie Rheinland-Pfalz</marc:subfield>
   </marc:datafield>
   <marc:datafield ind1=" " ind2=" " tag="300">
      <marc:subfield code="a">1 DVD-ROM, 1 DVD-Video + 1 Booklet</marc:subfield>
   </marc:datafield>
</marc:record>
